Turismo: Nuestra industria sin chimeneas / Angel Miolán (Registro nro. 4630)

Detalles MARC
000 -LEADER
fixed length control field 00510nam a22001931a 4500
001 - CONTROL NUMBER
control field 4630
003 - CONTROL NUMBER IDENTIFIER
control field OSt
005 - DATE AND TIME OF LATEST TRANSACTION
control field 20260204211941.0
008 - FIXED-LENGTH DATA ELEMENTS--GENERAL INFORMATION
fixed length control field 050903s1975||||sp ||||||b||||||||||spa||
020 ## - NUMERO DE LIBRO INTERNACIONAL NORMALIZADO
International Standard Book Number 8439939329
050 ## - LIBRARY OF CONGRESS CALL NUMBER
Classification number RD 338.4791 M669t
100 ## - ASIENTO PRINCIPAL -- NOMBRE PERSONAL
Personal name Miolán, Angel
245 ## - TÍTULO PROPIAMENTE DICHO: SUBTÍTULO
Title Turismo: Nuestra industria sin chimeneas / Angel Miolán
264 ## - PRODUCTION, PUBLICATION, DISTRIBUTION, MANUFACTURE, AND COPYRIGHT NOTICE
Place of production, publication, distribution, manufacture España: Playar
300 ## - PHYSICAL DESCRIPTION
Extensión 259 p
500 ## - GENERAL NOTE
General note Incluye indice y bibliografía
650 ## - ASIENTO SECUNDARIO DE MATERIA -- TERMINO TEMÁTICO
Termino Temático Como Elemento de Entrada 1.Turismo - República DominicanaÌ
942 ## - ADDED ENTRY ELEMENTS (KOHA)
Source of classification or shelving scheme Dewey Decimal Classification
Koha item type Libros
Existencias
Withdrawn status Lost status Source of classification or shelving scheme Damaged status Not for loan Current library Date acquired Full call number Barcode Date last seen Price effective from Koha item type Total Checkouts
    Dewey Decimal Classification Descartado para donación   Biblioteca UTECO 09/09/2019 RD 338.4791 M669T 009318 09/09/2019 09/09/2019 Libros  
    Dewey Decimal Classification Dañado   Biblioteca UTECO 09/09/2019 RD 338.4791 M669T 009319 09/09/2019 09/09/2019 Libros  
    Dewey Decimal Classification     Biblioteca UTECO 09/09/2019 RD 338.4791 M669T 009875 09/09/2019 09/09/2019 Libros  
© 2021 Derechos Reservados UTECO - Teléfono: +1 809-585-2291 - Correo electrónico: biblioteca@uteco.edu.do​  
Código postal 43000 ​​
Dirección: Avenida Universitaria No. 100, 
Cotuí, Provincia Sánchez Ramírez, República Dominicana - RNC: 404-00059-6